000 00961nam a22002537a 4500
999 _c7248
_d7248
003 OSt
005 20211129142309.0
008 190830s2018 fr a b i000 0 eng d
020 _a9789231002816
040 _aES-LlUDL
_bcat
_cCDMR
245 0 0 _aJournalism, ‘fake news’ & disinformation
_b: handbook for journalism education and training /
_cCherilyn Ireton and Julie Posetti
260 _aParis, France :
_bUNESCO,
_c2018
300 _a1 recurs en línia (128 p.) :
_bil·lustracions color, gràfics, taules
504 _aInclou referències bibliogràfiques i índex
588 0 _aDescripció del recurs: 30 agost 2019
650 0 4 _aDesinformació
_94286
650 0 4 _aMitjans de comunicació de massa
_xManipulació
655 4 _aLlibres electrònics
700 1 _aIreton, Cherilyn,
700 1 _aPosetti, Julie,
710 2 _aUnesco,
856 4 0 _zAccés lliure
_uhttp://unesdoc.unesco.org/images/0026/002655/265552E.pdf
942 _cLLIBRE-E
_2udc